Dil bilimi terimleri sözlüğü / (Record no. 15862)

MARC details
000 -BAŞLIK
Sabit Uzunlukta Kontrol Alanı 00800nam a22002297a 4500
999 ## - SİSTEM KONTROL NUMARALARI (KOHA)
Koha Biblionumber 15862
Koha Biblioitemnumber 15862
003 - KONTROL NUMARASI IDENTIFIER
Denetim Alanı MIRAKIL
005 - SON İŞLEM TARİHİ VE ZAMANI
Denetim Alanı 20240402133359.0
008 - SABİT-BOY VERİ ELEMANLARI - GENEL BİLGİLER
Sabit Uzunlukta Kontrol Alanı 240402b tu ||||| |||| 00| 0 tur d
020 ## - ULUSLARARASI STANDART KİTAP NUMARASI
Uluslararası Standart Kitap Numarası 9789751625601
040 ## - KATALOGLAMA KAYNAK
Orijinal Kataloglama Ajansı TR-AnCHP
Metne Dönüştürmek Ajansı TR-AnCHP
041 ## - DİL KODU
Metin / Ses Parça Veya Ayrı Başlığın Dil Kodu tur
082 ## - DEWEY ONLU SINIFLANDIRMA NUMARASI
Sınıflandırma Numarası 400.3
Ürün Numarası K26d 2022
100 ## - ANA GİRİŞ - KİŞİSEL İSİM
Kişisel Ad Karaağaç, Günay
245 10 - BAŞLIK TABLOSU
Başlık Dil bilimi terimleri sözlüğü /
Sorumluluk Tablosu, Vb Günay Karaağaç.
260 ## - YAYIN, DAĞITIM, VB
Yayın, Dağıtım, Vb Yeri Ankara :
Yayıncı, Dağıtıcı, Vs Adı Türk Dil Kurumu Yayınları,
Yayın, Dağıtım, Vb Tarihi 2022.
300 ## - FİZİKSEL TANIM
Kapsam 936 s. :
Diğer Fiziksel Ayrıntıları tbl. ;
Boyutlar 24 cm.
490 0# - SERİSİ TABLOSU
Seri Beyanı Atatürk Kültür, Dil ve Tarih Yüksek Kurumu Yayınları Türk Dil Kurumlurı Yayınları ;
Hacim / Ardışık Tanımı 1066.
504 ## - KAYNAKÇA VB NOT
Kaynakça Vb Notu Kaynakça: 931-936. ss.<br/>
650 #0 - KONU KATMA GİRİŞ - TOPİKAL DÖNEM
9 (RLIN) 7867
Topikal Süreli Veya Coğrafi Ad Giriş Elemanı Dil bilim
856 ## - ELEKTRONİK YER VE ERİŞİM
Kamu Notu Dijital Nüshası için Partimizin Kütüphane Sorumlusu ile iletişime geçiniz.
942 ## - EKLENDİ GİRİŞ ELEMANLARI (KOHA)
Sınıflandırma Veya Raf Düzeni Kaynak Dewey Decimal Classification
Koha Öğesi Türü Books
Holdings
Kalıcı Konum Mevcut Konum Edinme Tarihi Toplam Check-Out'Lar Tam Çağrı Numarası Barkod Tarih Son Görülme İtibaren Geçerli Fiyatlar Koha Öğesi Türü
CHP Kütüphanesi CHP Kütüphanesi 04/02/2024   400.3 K26d 2022 21813 04/02/2024 04/02/2024 Books